000 00416nam a22001697a 4500
003 MPLRDC
005 20220104113805.0
008 210129b ||||| |||| 00| 0 eng d
082 _a857.45 GY v.19 no.3
100 _a高阳
245 _a粉墨春秋. 下
_c
250 _a初版二刷
260 _a
_b风云时代出版公司
_c1993
300 _b
650 _a历史小说
942 _cBK
_o857.45 GY v.19 no.3
999 _c2379
_d2369